| 000 | 00653nam a2200193 i 4500 | ||
|---|---|---|---|
| 001 | 70886 | ||
| 003 | ES-MaACL | ||
| 005 | 20251015170205.0 | ||
| 007 | t| | ||
| 008 | 040803s1921 sp ||||1| spa d | ||
| 100 | 1 |
_aGarrison, Fielding H. _955777 |
|
| 245 | 1 | 0 |
_aIntroducción a la historia de la medicina / _cpor Fielding H. Garrison ; traducida de la segunda edición inglesa por Eduardo García del Real. |
| 260 |
_aMadrid : _bCalpe, _c1921. |
||
| 300 |
_a2 v. ; _c25 cm. |
||
| 650 | 0 | 4 |
_aMedicina- _vHistoria _914907 |
| 700 | 0 |
_aGarcía del Real, Eduardo, _d1870-1946 _954523 |
|
| 852 |
_aES-MaACL _jE-1449-50 |
||
| 999 |
_c70886 _d70886 |
||